000 00749nam a2200253 i 4500
001 7881
003 ES-MaACL
005 20251214063014.0
007 t|
008 910516s1989 sp ||||1| spa d
020 _a84-376-0825-2
080 _a802.0-5
100 1 _aCruz, Juan Manuel de la
_9151410
245 1 0 _aGramatica inglesa /
_cJuan de la Cruz, Patricia Trainor.
260 _aMadrid :
_bCatedra,
_cD.L. 1989.
300 _a361 p. ;
_c25 cm.
490 1 _aLingüística
500 _aBibliografia.
650 1 4 _aLengua inglesa-
_xGramática.
_914277
700 1 _aTrainor de la Cruz, Patricia.
_9151411
830 0 _aLingüística
_9178629
852 _aES-MaACL
_jL-15130
_bR.118845
_z. - cart.
999 _c7881
_d7881